| 000 | 00449cam a2200181ua 4500 | ||
|---|---|---|---|
| 020 | _cRs 2.00 | ||
| 041 |
_amal _h |
||
| 082 |
_a894.812 2 _bSAD/YA |
||
| 100 | _aSadanandan, S L Puram . | ||
| 245 |
_aYagasala / _cS L Puram Sadanandan. _hTextual Documents |
||
| 260 |
_aThrissur : _bCurrent Books , _c1962. |
||
| 300 | _a148 ; . | ||
| 365 | _aRs 2.00 | ||
| 504 | _a | ||
| 650 | _aDrama - Malayalam | ||
| 942 | _cBK | ||
| 999 |
_c468 _d468 |
||